000 01329cam a22002891i 4500
003 SA-RiAUC
005 20251006075329.0
008 250925s1996 ku g f001 0cara c
040 _aSA-JeALM
_bara
_cSA-RiAUC
_erda
043 _aa-su---
082 0 4 _a953.121
_qSA-RiAUC
090 _aخ953.121
_bت ق ي
100 1 _aالتقي الفاسي، محمد بن أحمد بن علي،
_d775-832 هجري
_eمؤلف.
245 1 2 _aالزهور المقتطفة من تاريخ مكة المشرفة /
_cتقي الدين محمد بن أحمد الفاسي المكي ؛ إعداد مهنا حمد المهنا.
250 _aالطبعة الأولى.
264 1 _aالكويت :
_bالأمانة العامة للأوقاف، الصندوق الوقفي للثقافة والفكر،
_c1996.
300 _a291 صفحة ؛
_c24 سم
336 _aنص
_btxt
_2rdacontent
_3كتاب
337 _aبدون وسيط
_bn
_2rdamedia
338 _aمجلد
_bnc
_2rdacarrier
500 _aختم اهداء من محمد بن ناصر العجمي الى الشيخ رحمه الله
651 7 _aمكة المكرمة
_xتاريخ
_2aucsh
651 7 _aمكة المكرمة
_vتراجم
_2aucsh
700 1 _aالمهنا، مهنا حمد
_eمعد.
942 _2ddc
_cMANUSCRIPT
_n0
949 _aSA-JeALM
_d250925
_uosman123
_n1
999 _c12124
_d12124